<?xml version="1.0" encoding="UTF-8"?><?xml-stylesheet type="text/xsl" href="static/style.xsl"?><OAI-PMH xmlns="http://www.openarchives.org/OAI/2.0/" xmlns:xsi="http://www.w3.org/2001/XMLSchema-instance" xsi:schemaLocation="http://www.openarchives.org/OAI/2.0/ http://www.openarchives.org/OAI/2.0/OAI-PMH.xsd"><responseDate>2026-04-17T10:30:11Z</responseDate><request verb="GetRecord" identifier="oai:www.recercat.cat:20.500.14342/141" metadataPrefix="marc">https://recercat.cat/oai/request</request><GetRecord><record><header><identifier>oai:recercat.cat:20.500.14342/141</identifier><datestamp>2026-02-19T14:13:28Z</datestamp><setSpec>com_2072_482405</setSpec><setSpec>com_2072_183628</setSpec><setSpec>col_2072_482408</setSpec></header><metadata><record xmlns="http://www.loc.gov/MARC21/slim" xmlns:dcterms="http://purl.org/dc/terms/" xmlns:xsi="http://www.w3.org/2001/XMLSchema-instance" xmlns:doc="http://www.lyncode.com/xoai" xsi:schemaLocation="http://www.loc.gov/MARC21/slim http://www.loc.gov/standards/marcxml/schema/MARC21slim.xsd">
   <leader>00925njm 22002777a 4500</leader>
   <datafield ind2=" " ind1=" " tag="042">
      <subfield code="a">dc</subfield>
   </datafield>
   <datafield ind2=" " ind1=" " tag="720">
      <subfield code="a">Pujol Priego, Laia</subfield>
      <subfield code="e">author</subfield>
   </datafield>
   <datafield ind2=" " ind1=" " tag="720">
      <subfield code="a">Wareham, Jonathan</subfield>
      <subfield code="e">author</subfield>
   </datafield>
   <datafield ind2=" " ind1=" " tag="260">
      <subfield code="c">2019-03</subfield>
   </datafield>
   <datafield ind2=" " ind1=" " tag="520">
      <subfield code="a">To conduct research in fundamental science, big-science research infrastructures develop some of the most sophisticated technologies in existence. As such, mechanisms that can facilitate the transfer and commercialization of these technologies have vast potential to contribute to economic and social welfare. Scientists and engineers at CERN were confronted with the problem of minute data latency that was corrupting scientific measurements in their geographically distributed computing network. In response, they developed White Rabbit (WR) as open source hardware (OSH). In a context of basic research and a deliberate decision to share the R&amp;D process openly with no IP restrictions, WR is now commercialized in diverse economic sectors including finance, telecommunications, energy, Internet of Things (IoT), and air traffic control. We analyze the emergence, development, and exploitation of WR to a) identify the antecedents in which complex R&amp;D-intensive OSH differs from open source software (OSS), b) capture the mechanisms employed by CERN to stimulate firms’ R&amp;D revelation and WR collaborative development, and c) investigate the business model configurations that companies have adopted in the commercial implementation of WR.</subfield>
   </datafield>
   <datafield ind1="8" ind2=" " tag="024">
      <subfield code="a">https://hdl.handle.net/20.500.14342/141</subfield>
   </datafield>
   <datafield tag="653" ind2=" " ind1=" ">
      <subfield code="a">Open source innovation</subfield>
   </datafield>
   <datafield tag="653" ind2=" " ind1=" ">
      <subfield code="a">Open source hardware</subfield>
   </datafield>
   <datafield tag="653" ind2=" " ind1=" ">
      <subfield code="a">Open business models</subfield>
   </datafield>
   <datafield tag="653" ind2=" " ind1=" ">
      <subfield code="a">Technology transfer</subfield>
   </datafield>
   <datafield ind2="0" ind1="0" tag="245">
      <subfield code="a">Obsessed with time? White rabbit at CERN</subfield>
   </datafield>
</record></metadata></record></GetRecord></OAI-PMH>